00565nam a22001935a 450000500170000000800410001701000140005802000260007203500130009803700130011104000080012408200150013210000190014724500740016625000060024026000380024627000610028430000260034520080522115808.0080520s2008 nyu 000 0 eng  aENG-95824 a9788174533418c700.00 aEN-79357 bDBAD/PUB aDPL a780.711954 aSharma, Lovely aAcademic centres for the promotion of Indian music/cby Lovely Sharma a. aNew DelhibSanjay Prakashanc2009 a4378/4 D, 209 JMD Housea, Ansari RoadbNew Delhie110002 axi, 334p.c22cm, (Hb)